| 000 | 01020nac a22002771u 4500 | ||
|---|---|---|---|
| 010 | _a 95013009 | ||
| 020 | _a 3530587322: | ||
| 020 | _a3530587322 | ||
| 082 | 0 | 0 |
_a628.55 _bBIO |
| 090 |
_c9278 _d9278 |
||
| 100 | _a20080729 | ||
| 245 | 0 | 0 |
_aBiogeodynamics of pollutants in soils and sediments : risk asses[s]ment of delayed and non-linear responses / _cW. Salomons, W.M. Stigliani (eds.). |
| 260 |
_aBerlin ; _aNew York : _bSpringer-Verlag,1995. _cc1995. |
||
| 300 |
_axiv, 352 p. : _bill., maps (some col.) ; _c25 cm. |
||
| 490 | 1 | _aEnvironmental science | |
| 500 | _aDistributer: Al-Ahram | ||
| 504 | _aIncludes bibliographical references and index. | ||
| 511 | _aCatalogued by: Sara | ||
| 650 | 0 | _aSoil pollution. | |
| 650 | 0 | _aSoil chemistry. | |
| 650 | 0 |
_aPollution _xRisk assessment. |
|
| 700 | 1 |
_aSalomons, W. _q(Willem), _d1945- |
|
| 700 | 1 | _aStigliani, William M. | |
| 830 | 0 | _aEnvironmental science (Berlin, Germany) | |
| 942 |
_cBB _k628.55BIO |
||
| 999 |
_c9278 _d9278 |
||